[Event "Greek Team Championship"]
[Site "chess24.com"]
[Date "2017.07.04"]
[Round "3"]
[White "Salahidou, Reveka"]
[Black "Tsouli, Rafailia"]
[Result "1-0"]
[Board "6"]
[WhiteElo "1951"]
[WhiteCountry "GRE"]
[WhiteFideId "4230612"]
[WhiteEloChange "2"]
[BlackElo "1353"]
[BlackCountry "GRE"]
[BlackFideId "25815296"]
[BlackEloChange "-2"]

1. e4 {[%clk 1:30:58]} e5 {[%clk 1:30:49]} 2. Nf3 {[%clk 1:31:25]} Nc6 {[%clk
1:31:08]} 3. Bc4 {[%clk 1:30:59]} Bc5 {[%clk 1:31:21]} 4. c3 {[%clk 1:31:32]} Nf6
{[%clk 1:30:59]} 5. d3 {[%clk 1:31:52]} a6 {[%clk 1:23:41]} 6. O-O {[%clk
1:31:38]} h6 {[%clk 1:20:42]} 7. d4 {[%clk 1:31:30]} exd4 {[%clk 1:18:59]} 8.
cxd4 {[%clk 1:31:55]} Bb6 {[%clk 1:16:20]} 9. e5 {[%clk 1:30:05]} Nh7 {[%clk
1:06:49]} 10. d5 {[%clk 1:27:51]} Ne7 {[%clk 0:59:14]} 11. Nc3 {[%clk 1:27:52]}
Ba5 {[%clk 0:37:22]} 12. d6 {[%clk 1:23:42]} Nc6 {[%clk 0:35:47]} 13. Nd5 {[%clk
1:17:50]} b5 {[%clk 0:29:36]} 14. Bb3 {[%clk 1:16:49]} Bb7 {[%clk 0:28:20]} 15.
Bd2 {[%clk 1:12:24]} cxd6 {[%clk 0:22:19]} 16. exd6 {[%clk 0:35:06]} O-O {[%clk
0:13:22]} 17. Ne7+ {[%clk 0:35:29]} Kh8 {[%clk 0:12:35]} 18. Nh4 {[%clk 0:35:55]}
Ne5 {[%clk 0:07:15]} 19. Bxf7 {[%clk 0:29:25]} Rxf7 {[%clk 0:05:36]} 20. Bxa5
{[%clk 0:29:20]} Qxa5 {[%clk 0:05:41]} 21. f4 {[%clk 0:29:33]} Qb6+ {[%clk
0:05:20]} 22. Kh1 {[%clk 0:29:50]} g5 {[%clk 0:03:28]} 23. fxe5 {[%clk 0:25:01]}
Rxf1+ {[%clk 0:02:48]} 24. Qxf1 {[%clk 0:25:27]} gxh4 {[%clk 0:02:23]} 25. Qf5
{[%clk 0:25:42]} Qd8 {[%clk 0:00:51]} 26. Rf1 {[%clk 0:25:50]} Qe8 {[%clk
0:00:45]} 27. e6 {[%clk 0:25:52]} 1-0

[Event "Greek Team Championship"]
[Site "chess24.com"]
[Date "2017.07.04"]
[Round "3"]
[White "Patriki, Alexandra"]
[Black "Kiousi, Panagiota"]
[Result "0-1"]
[Board "7"]
[WhiteElo "1202"]
[WhiteCountry "GRE"]
[WhiteFideId "25824490"]
[WhiteEloChange "-3"]
[BlackElo "1530"]
[BlackCountry "GRE"]
[BlackFideId "25803476"]
[BlackEloChange "3"]

1. e4 {[%clk 1:30:58]} c5 {[%clk 1:30:54]} 2. Nc3 {[%clk 1:31:20]} g6 {[%clk
1:31:11]} 3. g3 {[%clk 1:31:36]} Bg7 {[%clk 1:31:27]} 4. Bg2 {[%clk 1:31:56]} e6
{[%clk 1:31:42]} 5. d3 {[%clk 1:32:10]} Ne7 {[%clk 1:31:27]} 6. Be3 {[%clk
1:32:04]} b6 {[%clk 1:30:54]} 7. Qd2 {[%clk 1:31:15]} Bb7 {[%clk 1:30:18]} 8. Bh6
{[%clk 1:30:47]} O-O {[%clk 1:30:00]} 9. h4 {[%clk 1:22:00]} f6 {[%clk 1:21:13]}
10. Bxg7 {[%clk 1:22:00]} Kxg7 {[%clk 1:21:32]} 11. h5 {[%clk 1:20:49]} g5 {[%clk
1:14:04]} 12. h6+ {[%clk 1:18:54]} Kh8 {[%clk 1:14:16]} 13. f4 {[%clk 1:18:45]}
gxf4 {[%clk 1:13:45]} 14. Qxf4 {[%clk 1:13:06]} a6 {[%clk 1:08:44]} 15. g4 {[%clk
0:38:30]} Ng6 {[%clk 1:06:35]} 16. Qg3 {[%clk 0:37:28]} Nc6 {[%clk 1:02:51]} 17.
Nge2 {[%clk 0:34:31]} b5 {[%clk 0:55:48]} 18. Nf4 {[%clk 0:27:28]} Nxf4 {[%clk
0:52:48]} 19. Qxf4 {[%clk 0:25:55]} Nd4 {[%clk 0:47:34]} 20. Qd2 {[%clk 0:21:01]}
Rg8 {[%clk 0:45:41]} 21. e5 {[%clk 0:17:13]} Nf3+ {[%clk 0:29:38]} 22. Bxf3
{[%clk 0:16:55]} Bxf3 {[%clk 0:30:06]} 23. Rf1 {[%clk 0:15:41]} Bxg4 {[%clk
0:28:45]} 24. exf6 {[%clk 0:15:20]} Bf5 {[%clk 0:14:00]} 25. Rxf5 {[%clk
0:06:38]} exf5 {[%clk 0:13:39]} 26. Nd5 {[%clk 0:06:48]} Rg1+ {[%clk 0:11:51]}
27. Kf2 {[%clk 0:07:09]} Rxa1 {[%clk 0:12:03]} 28. Qg5 {[%clk 0:07:23]} Qg8
{[%clk 0:11:37]} 29. Qg7+ {[%clk 0:02:24]} Qxg7 {[%clk 0:12:00]} 30. hxg7+ {[%clk
0:01:11]} Kg8 {[%clk 0:12:13]} 31. Ne7+ {[%clk 0:00:56]} Kf7 {[%clk 0:12:31]} 0-1

[Event "Greek Team Championship"]
[Site "chess24.com"]
[Date "2017.07.04"]
[Round "3"]
[White "Papadopoulos, Georgios"]
[Black "Hatzis-Bakratsas, Alexandros"]
[Result "1-0"]
[Board "8"]
[WhiteElo "2240"]
[WhiteCountry "GRE"]
[WhiteFideId "4210271"]
[WhiteEloChange "3"]
[BlackElo "1951"]
[BlackCountry "GRE"]
[BlackFideId "4263375"]
[BlackEloChange "-3"]

1. d4 {[%clk 1:30:28]} Nf6 {[%clk 1:30:54]} 2. Nf3 {[%clk 1:30:53]} e6 {[%clk
1:31:20]} 3. Bf4 {[%clk 1:31:20]} c5 {[%clk 1:31:45]} 4. c3 {[%clk 1:31:47]} Nc6
{[%clk 1:26:52]} 5. Nbd2 {[%clk 1:31:17]} d5 {[%clk 1:24:30]} 6. e3 {[%clk
1:31:38]} Bd6 {[%clk 1:24:23]} 7. Bg3 {[%clk 1:32:03]} O-O {[%clk 1:24:48]} 8.
Bb5 {[%clk 1:30:09]} Ne7 {[%clk 1:23:45]} 9. Bd3 {[%clk 1:30:29]} b6 {[%clk
1:23:24]} 10. e4 {[%clk 1:30:38]} dxe4 {[%clk 1:23:28]} 11. Nxe4 {[%clk 1:30:58]}
Nxe4 {[%clk 1:23:36]} 12. Bxe4 {[%clk 1:31:24]} Rb8 {[%clk 1:24:00]} 13. dxc5
{[%clk 1:31:10]} Bxg3 {[%clk 1:24:23]} 14. Qxd8 {[%clk 1:30:43]} Bxf2+ {[%clk
1:24:48]} 15. Kxf2 {[%clk 1:30:33]} Rxd8 {[%clk 1:25:14]} 16. c6 {[%clk 1:23:04]}
Nd5 {[%clk 1:25:40]} 17. Rhd1 {[%clk 1:23:10]} Ba6 {[%clk 1:25:59]} 18. Bxd5
{[%clk 1:23:12]} Rxd5 {[%clk 1:26:22]} 19. Rxd5 {[%clk 1:23:37]} exd5 {[%clk
1:26:49]} 20. Nd4 {[%clk 1:23:39]} Bd3 {[%clk 1:22:22]} 21. a4 {[%clk 1:19:23]}
a6 {[%clk 1:21:37]} 22. Ra3 {[%clk 1:17:02]} Kf8 {[%clk 1:21:30]} 23. Rb3 {[%clk
1:16:53]} Ke7 {[%clk 1:21:49]} 24. c7 {[%clk 1:14:59]} Rc8 {[%clk 1:22:11]} 25.
Rxb6 {[%clk 1:14:42]} Rxc7 {[%clk 1:22:33]} 26. Nc6+ {[%clk 1:13:28]} Kd6 {[%clk
1:22:06]} 27. Nb4+ {[%clk 1:01:21]} Kc5 {[%clk 1:22:30]} 28. a5 {[%clk 1:01:23]}
Ra7 {[%clk 1:21:52]} 29. Nxd3+ {[%clk 1:01:48]} 1-0

[Event "Greek Team Championship"]
[Site "chess24.com"]
[Date "2017.07.04"]
[Round "3"]
[White "Papadopoulos, Spyridonas"]
[Black "Paraskevas, Georgios"]
[Result "0-1"]
[Board "9"]
[WhiteElo "1365"]
[WhiteCountry "GRE"]
[WhiteFideId "25846469"]
[WhiteEloChange "-2"]
[BlackElo "1710"]
[BlackCountry "GRE"]
[BlackFideId "4262131"]
[BlackEloChange "2"]

1. e4 {[%clk 1:30:57]} d6 {[%clk 1:30:46]} 2. d4 {[%clk 1:29:05]} Nf6 {[%clk
1:31:10]} 3. Nd2 {[%clk 1:29:26]} Nbd7 {[%clk 1:31:19]} 4. Ngf3 {[%clk 1:29:39]}
e5 {[%clk 1:31:37]} 5. c3 {[%clk 1:29:34]} Be7 {[%clk 1:31:37]} 6. Bd3 {[%clk
1:29:29]} O-O {[%clk 1:31:50]} 7. O-O {[%clk 1:29:47]} c6 {[%clk 1:32:03]} 8. Bc2
{[%clk 1:27:56]} Qc7 {[%clk 1:31:47]} 9. Re1 {[%clk 1:27:12]} Re8 {[%clk
1:26:45]} 10. Nf1 {[%clk 1:26:53]} Bf8 {[%clk 1:26:36]} 11. Ng3 {[%clk 1:26:46]}
g6 {[%clk 1:26:00]} 12. h3 {[%clk 1:23:05]} b6 {[%clk 1:23:38]} 13. Nh2 {[%clk
1:14:15]} c5 {[%clk 1:09:34]} 14. d5 {[%clk 1:13:29]} b5 {[%clk 1:09:14]} 15. Ng4
{[%clk 1:11:55]} Nxg4 {[%clk 1:06:27]} 16. hxg4 {[%clk 1:12:19]} b4 {[%clk
1:04:56]} 17. c4 {[%clk 1:11:18]} Nb6 {[%clk 0:57:13]} 18. b3 {[%clk 0:57:39]} a5
{[%clk 0:47:04]} 19. Bg5 {[%clk 0:43:39]} Qd7 {[%clk 0:46:50]} 20. Nf5 {[%clk
0:37:00]} gxf5 {[%clk 0:28:02]} 21. gxf5 {[%clk 0:23:05]} f6 {[%clk 0:27:27]} 22.
Bxf6 {[%clk 0:21:41]} Qf7 {[%clk 0:27:46]} 23. Bh4 {[%clk 0:12:39]} Be7 {[%clk
0:24:34]} 24. Re3 {[%clk 0:07:07]} Kh8 {[%clk 0:21:22]} 25. f6 {[%clk 0:06:33]}
Bxf6 {[%clk 0:20:35]} 26. Rf3 {[%clk 0:06:12]} Nd7 {[%clk 0:20:58]} 27. Qd2
{[%clk 0:05:07]} Qg6 {[%clk 0:12:50]} 28. Rg3 {[%clk 0:04:51]} Qh5 {[%clk
0:13:11]} 29. Bd1 {[%clk 0:03:14]} Qxh4 {[%clk 0:07:35]} 30. Rg4 {[%clk 0:03:35]}
Bg5 {[%clk 0:08:04]} 31. Rxg5 {[%clk 0:02:38]} Qf4 {[%clk 0:05:38]} 32. Qxf4
{[%clk 0:02:38]} exf4 {[%clk 0:06:08]} 33. f3 {[%clk 0:02:40]} Nf6 {[%clk
0:06:14]} 34. Kf2 {[%clk 0:02:56]} Rg8 {[%clk 0:04:31]} 35. Rxg8+ {[%clk
0:02:56]} Kxg8 {[%clk 0:05:00]} 36. Bc2 {[%clk 0:03:06]} a4 {[%clk 0:03:24]} 37.
Rh1 {[%clk 0:02:30]} axb3 {[%clk 0:03:05]} 38. Bxb3 {[%clk 0:02:40]} Nd7 {[%clk
0:03:20]} 39. Rh4 {[%clk 0:02:45]} Ne5 {[%clk 0:03:46]} 40. Ke2 {[%clk 0:33:07]}
Ba6 {[%clk 0:33:45]} 41. Rxf4 {[%clk 0:33:21]} Bxc4+ {[%clk 0:33:49]} 42. Bxc4
{[%clk 0:29:57]} Nxc4 {[%clk 0:34:11]} 43. Kd3 {[%clk 0:30:13]} Ne5+ {[%clk
0:34:31]} 44. Ke3 {[%clk 0:30:18]} Ra3+ {[%clk 0:34:43]} 45. Ke2 {[%clk 0:30:20]}
Rxa2+ {[%clk 0:35:09]} 46. Kf1 {[%clk 0:30:37]} b3 {[%clk 0:35:26]} 0-1

[Event "Greek Team Championship"]
[Site "chess24.com"]
[Date "2017.07.04"]
[Round "3"]
[White "Tzavaras, Spyridon"]
[Black "Karamitanis, Lazaros"]
[Result "1/2-1/2"]
[Board "10"]
[WhiteElo "1321"]
[WhiteCountry "GRE"]
[WhiteFideId "25800140"]
[WhiteEloChange "-6"]
[BlackElo "1087"]
[BlackCountry "GRE"]
[BlackFideId "25814770"]
[BlackEloChange "6"]

1. e4 {[%clk 1:30:57]} c5 {[%clk 1:30:55]} 2. Nf3 {[%clk 1:31:22]} e6 {[%clk
1:31:19]} 3. d4 {[%clk 1:31:46]} cxd4 {[%clk 1:31:44]} 4. Nxd4 {[%clk 1:32:09]}
Nc6 {[%clk 1:32:09]} 5. c4 {[%clk 1:32:35]} Nf6 {[%clk 1:32:25]} 6. Nc3 {[%clk
1:32:58]} Bb4 {[%clk 1:32:38]} 7. Nxc6 {[%clk 1:32:46]} bxc6 {[%clk 1:33:01]} 8.
Bd3 {[%clk 1:32:21]} d5 {[%clk 1:33:15]} 9. cxd5 {[%clk 1:32:25]} exd5 {[%clk
1:33:23]} 10. exd5 {[%clk 1:31:37]} Qe7+ {[%clk 1:33:41]} 11. Be3 {[%clk
1:30:48]} Nxd5 {[%clk 1:32:04]} 12. Qd2 {[%clk 1:28:38]} Qe5 {[%clk 1:27:52]} 13.
Rc1 {[%clk 1:25:47]} Nxe3 {[%clk 1:18:52]} 14. Qxe3 {[%clk 1:24:56]} Qxe3+ {[%clk
1:18:06]} 15. fxe3 {[%clk 1:25:19]} Bc5 {[%clk 1:17:34]} 16. Ne4 {[%clk 1:16:30]}
Bxe3 {[%clk 1:07:47]} 17. Rxc6 {[%clk 1:16:24]} Bd7 {[%clk 1:07:04]} 18. Rc7
{[%clk 1:15:12]} Bf4 {[%clk 1:05:39]} 19. Rc3 {[%clk 1:12:34]} O-O {[%clk
1:03:25]} 20. O-O {[%clk 1:11:53]} Be5 {[%clk 1:00:20]} 21. Rc2 {[%clk 1:09:57]}
Rab8 {[%clk 0:57:51]} 22. b3 {[%clk 1:07:32]} Rbc8 {[%clk 0:55:09]} 23. Rfc1
{[%clk 1:05:54]} Bf4 {[%clk 0:48:34]} 24. Rxc8 {[%clk 1:04:43]} Rxc8 {[%clk
0:48:39]} 25. Rxc8+ {[%clk 1:05:04]} Bxc8 {[%clk 0:49:01]} 26. Kf2 {[%clk
1:03:14]} Bf5 {[%clk 0:46:11]} 27. Nf6+ {[%clk 1:02:41]} gxf6 {[%clk 0:44:34]}
28. Bxf5 {[%clk 1:03:04]} Kg7 {[%clk 0:42:02]} 29. g3 {[%clk 1:02:27]} Bd6 {[%clk
0:42:12]} 30. Kf3 {[%clk 1:02:13]} h5 {[%clk 0:41:49]} 31. h3 {[%clk 1:00:55]}
Be7 {[%clk 0:40:15]} 32. Ke4 {[%clk 0:59:06]} Bd6 {[%clk 0:39:58]} 33. g4 {[%clk
0:57:32]} h4 {[%clk 0:38:48]} 34. Kd5 {[%clk 0:56:31]} Bb4 {[%clk 0:37:49]} 35.
Kc4 {[%clk 0:55:14]} a5 {[%clk 0:37:23]} 36. Kb5 {[%clk 0:53:17]} Kh6 {[%clk
0:36:36]} 37. Ka4 {[%clk 0:52:07]} Kg5 {[%clk 0:36:05]} 38. a3 {[%clk 0:51:57]}
Bc3 {[%clk 0:36:25]} 39. b4 {[%clk 0:52:04]} axb4 {[%clk 0:36:41]} 40. axb4
{[%clk 1:22:29]} Kf4 {[%clk 1:06:55]} 41. b5 {[%clk 1:21:57]} Kg3 {[%clk
1:07:06]} 42. Kb3 {[%clk 1:21:29]} Be5 {[%clk 1:04:32]} 43. Bd7 {[%clk 1:17:42]}
Kxh3 {[%clk 1:03:03]} 44. g5+ {[%clk 1:17:20]} Kg3 {[%clk 1:03:18]} 45. gxf6
{[%clk 1:17:24]} Bxf6 {[%clk 1:02:38]} 46. Be8 {[%clk 1:17:47]} h3 {[%clk
1:02:18]} 47. Bxf7 {[%clk 1:18:05]} h2 {[%clk 1:02:40]} 48. Bd5 {[%clk 1:18:28]}
Kf2 {[%clk 1:02:34]} 49. b6 {[%clk 1:18:45]} Kg1 {[%clk 1:02:33]} 50. b7 {[%clk
1:18:53]} Be5 {[%clk 1:02:47]} 51. Kc4 {[%clk 1:19:04]} h1Q {[%clk 1:03:06]} 52.
Bxh1 {[%clk 1:19:25]} Kxh1 {[%clk 1:03:25]} 53. Kd5 {[%clk 1:19:50]} Bh2 {[%clk
1:03:42]} 54. b8Q {[%clk 1:20:06]} Bxb8 {[%clk 1:04:06]} 1/2-1/2

[Event "Greek Team Championship"]
[Site "chess24.com"]
[Date "2017.07.04"]
[Round "3"]
[White "Warmerdam, Max"]
[Black "Panagiotakopoulos, Gerasimos"]
[Result "1-0"]
[Board "1"]
[WhiteElo "2358"]
[WhiteTitle "FM"]
[WhiteCountry "NED"]
[WhiteFideId "1048104"]
[WhiteEloChange "6"]
[BlackElo "2223"]
[BlackCountry "GRE"]
[BlackFideId "4210778"]
[BlackEloChange "-6"]

1. e4 {[%clk 1:30:57]} c5 {[%clk 1:30:21]} 2. Nf3 {[%clk 1:31:20]} d6 {[%clk
1:30:46]} 3. d4 {[%clk 1:31:45]} cxd4 {[%clk 1:31:13]} 4. Nxd4 {[%clk 1:32:11]}
Nf6 {[%clk 1:31:41]} 5. Nc3 {[%clk 1:32:35]} g6 {[%clk 1:32:07]} 6. Be3 {[%clk
1:33:00]} Bg7 {[%clk 1:32:32]} 7. f3 {[%clk 1:33:25]} O-O {[%clk 1:32:58]} 8. Qd2
{[%clk 1:33:52]} Nc6 {[%clk 1:33:23]} 9. Bc4 {[%clk 1:34:04]} Bd7 {[%clk
1:33:46]} 10. O-O-O {[%clk 1:34:27]} Qa5 {[%clk 1:34:03]} 11. Kb1 {[%clk
1:34:23]} Rfc8 {[%clk 1:34:29]} 12. Bb3 {[%clk 1:34:48]} Ne5 {[%clk 1:34:55]} 13.
Bg5 {[%clk 1:35:12]} Rc5 {[%clk 1:32:29]} 14. h4 {[%clk 1:30:02]} b5 {[%clk
1:28:41]} 15. Bxf6 {[%clk 1:26:51]} exf6 {[%clk 1:23:10]} 16. Nde2 {[%clk
1:23:39]} Nc4 {[%clk 1:02:32]} 17. Bxc4 {[%clk 1:22:59]} Rxc4 {[%clk 1:02:41]}
18. Qxd6 {[%clk 1:08:37]} Be6 {[%clk 0:56:45]} 19. Nd5 {[%clk 1:08:04]} Bxd5
{[%clk 0:34:55]} 20. Rxd5 {[%clk 1:03:07]} Rac8 {[%clk 0:35:07]} 21. c3 {[%clk
1:03:13]} R4c6 {[%clk 0:31:58]} 22. Qd7 {[%clk 1:01:09]} a6 {[%clk 0:29:48]} 23.
h5 {[%clk 0:59:14]} Qb6 {[%clk 0:27:18]} 24. Nd4 {[%clk 0:58:42]} R6c7 {[%clk
0:27:24]} 25. Qd6 {[%clk 0:58:46]} Qb7 {[%clk 0:24:15]} 26. a3 {[%clk 0:56:24]}
h6 {[%clk 0:22:56]} 27. hxg6 {[%clk 0:55:52]} fxg6 {[%clk 0:23:18]} 28. Qg3
{[%clk 0:55:02]} Kh7 {[%clk 0:23:28]} 29. Ne6 {[%clk 0:55:13]} Rf7 {[%clk
0:23:31]} 30. Nf4 {[%clk 0:55:32]} 1-0

[Event "Greek Team Championship"]
[Site "chess24.com"]
[Date "2017.07.04"]
[Round "3"]
[White "Zenelis, Konstantinos"]
[Black "Kordis, Konstantinos"]
[Result "0-1"]
[Board "2"]
[WhiteElo "2031"]
[WhiteCountry "GRE"]
[WhiteFideId "4204107"]
[WhiteEloChange "-7"]
[BlackElo "2149"]
[BlackCountry "GRE"]
[BlackFideId "4205197"]
[BlackEloChange "7"]

1. e4 {[%clk 1:30:56]} c5 {[%clk 1:30:52]} 2. Nc3 {[%clk 1:31:17]} Nc6 {[%clk
1:31:13]} 3. g3 {[%clk 1:31:41]} g6 {[%clk 1:31:36]} 4. d3 {[%clk 1:31:39]} Bg7
{[%clk 1:31:57]} 5. Be3 {[%clk 1:31:59]} d6 {[%clk 1:32:16]} 6. Bg2 {[%clk
1:32:22]} e6 {[%clk 1:32:19]} 7. Qd2 {[%clk 1:32:43]} Rb8 {[%clk 1:32:29]} 8.
Nge2 {[%clk 1:30:19]} Nd4 {[%clk 1:32:14]} 9. O-O {[%clk 1:30:36]} Ne7 {[%clk
1:32:19]} 10. Nd1 {[%clk 1:29:41]} Nxe2+ {[%clk 1:23:10]} 11. Qxe2 {[%clk
1:30:01]} O-O {[%clk 1:23:32]} 12. Qd2 {[%clk 1:29:37]} Nc6 {[%clk 1:09:16]} 13.
Bh6 {[%clk 1:28:57]} Bxh6 {[%clk 1:06:09]} 14. Qxh6 {[%clk 1:29:19]} Qf6 {[%clk
1:05:43]} 15. Qd2 {[%clk 1:20:40]} b5 {[%clk 1:04:39]} 16. f4 {[%clk 1:20:23]}
Bd7 {[%clk 1:02:09]} 17. c3 {[%clk 1:16:14]} a5 {[%clk 0:58:09]} 18. Ne3 {[%clk
1:16:23]} a4 {[%clk 0:57:17]} 19. e5 {[%clk 1:00:37]} Qe7 {[%clk 0:54:25]} 20.
Ng4 {[%clk 0:53:20]} d5 {[%clk 0:51:58]} 21. Rae1 {[%clk 0:36:40]} Kh8 {[%clk
0:50:30]} 22. Nf6 {[%clk 0:36:39]} Kg7 {[%clk 0:50:36]} 23. d4 {[%clk 0:26:59]}
cxd4 {[%clk 0:48:09]} 24. cxd4 {[%clk 0:27:25]} Bc8 {[%clk 0:45:44]} 25. Rc1
{[%clk 0:23:45]} Qb4 {[%clk 0:40:51]} 26. Qf2 {[%clk 0:12:31]} Rb6 {[%clk
0:37:23]} 27. Rfd1 {[%clk 0:12:46]} Na5 {[%clk 0:35:40]} 28. g4 {[%clk 0:09:04]}
Rc6 {[%clk 0:35:18]} 29. f5 {[%clk 0:07:15]} Rxc1 {[%clk 0:34:41]} 30. Rxc1
{[%clk 0:07:44]} Nc4 {[%clk 0:34:45]} 31. Qh4 {[%clk 0:05:10]} h6 {[%clk
0:34:18]} 32. g5 {[%clk 0:04:30]} h5 {[%clk 0:34:15]} 33. Nxh5+ {[%clk 0:03:21]}
gxh5 {[%clk 0:34:39]} 34. g6 {[%clk 0:03:42]} fxg6 {[%clk 0:33:01]} 35. a3 {[%clk
0:02:07]} Qd2 {[%clk 0:33:02]} 36. Qe7+ {[%clk 0:01:29]} Rf7 {[%clk 0:33:06]} 37.
f6+ {[%clk 0:01:53]} Kh6 {[%clk 0:33:28]} 38. Qxf7 {[%clk 0:02:01]} Qe3+ {[%clk
0:33:51]} 0-1

[Event "Greek Team Championship"]
[Site "chess24.com"]
[Date "2017.07.04"]
[Round "3"]
[White "Loutragotis, Dimitrios"]
[Black "Skourtis, Efstratios"]
[Result "1-0"]
[Board "3"]
[WhiteElo "2143"]
[WhiteCountry "GRE"]
[WhiteFideId "4268458"]
[WhiteEloChange "5"]
[BlackElo "1954"]
[BlackCountry "GRE"]
[BlackFideId "4204980"]
[BlackEloChange "-5"]

1. e4 {[%clk 1:30:53]} c5 {[%clk 1:30:29]} 2. Nf3 {[%clk 1:31:16]} Nc6 {[%clk
1:30:25]} 3. d4 {[%clk 1:31:34]} cxd4 {[%clk 1:30:46]} 4. Nxd4 {[%clk 1:31:57]}
Nf6 {[%clk 1:31:05]} 5. Nc3 {[%clk 1:32:21]} e5 {[%clk 1:31:05]} 6. Ndb5 {[%clk
1:32:44]} d6 {[%clk 1:31:21]} 7. Bg5 {[%clk 1:31:33]} a6 {[%clk 1:31:38]} 8. Na3
{[%clk 1:31:57]} b5 {[%clk 1:32:01]} 9. Nd5 {[%clk 1:32:18]} Qa5+ {[%clk
1:32:25]} 10. Bd2 {[%clk 1:26:48]} Qd8 {[%clk 1:32:45]} 11. Bg5 {[%clk 1:25:25]}
Qa5+ {[%clk 1:33:03]} 12. Bd2 {[%clk 1:25:04]} Qd8 {[%clk 1:32:21]} 13. Nxf6+
{[%clk 1:23:05]} Qxf6 {[%clk 1:31:50]} 14. c4 {[%clk 1:21:09]} Qg6 {[%clk
1:29:58]} 15. f3 {[%clk 1:20:02]} Be7 {[%clk 1:26:16]} 16. Nc2 {[%clk 1:17:34]}
bxc4 {[%clk 1:20:04]} 17. Qe2 {[%clk 1:11:08]} Be6 {[%clk 1:03:18]} 18. Ne3
{[%clk 1:08:35]} O-O {[%clk 1:01:23]} 19. Bc3 {[%clk 1:07:00]} Rac8 {[%clk
0:55:02]} 20. O-O-O {[%clk 1:04:14]} Rfd8 {[%clk 0:49:13]} 21. h4 {[%clk
1:03:45]} Bf6 {[%clk 0:45:07]} 22. g4 {[%clk 1:01:42]} Nd4 {[%clk 0:44:44]} 23.
Qf2 {[%clk 0:58:29]} h6 {[%clk 0:33:48]} 24. Nf5 {[%clk 0:53:44]} Bxf5 {[%clk
0:17:58]} 25. exf5 {[%clk 0:52:56]} Qh7 {[%clk 0:17:43]} 26. Bh3 {[%clk 0:26:05]}
Rb8 {[%clk 0:11:54]} 27. f4 {[%clk 0:25:24]} g6 {[%clk 0:04:34]} 28. g5 {[%clk
0:25:03]} hxg5 {[%clk 0:01:56]} 29. hxg5 {[%clk 0:24:19]} Bxg5 {[%clk 0:01:37]}
30. fxg5 {[%clk 0:24:33]} Qh5 {[%clk 0:02:03]} 31. Rxd4 {[%clk 0:23:08]} exd4
{[%clk 0:02:16]} 32. Qxd4 {[%clk 0:23:34]} Qxg5+ {[%clk 0:02:18]} 33. Kb1 {[%clk
0:23:57]} f6 {[%clk 0:02:19]} 34. Rg1 {[%clk 0:24:18]} 1-0

[Event "Greek Team Championship"]
[Site "chess24.com"]
[Date "2017.07.04"]
[Round "3"]
[White "Kaloskambis, Mihail"]
[Black "Zervos, Lazaros"]
[Result "1-0"]
[Board "4"]
[WhiteElo "1824"]
[WhiteCountry "GRE"]
[WhiteFideId "4203569"]
[WhiteEloChange "16"]
[BlackElo "2082"]
[BlackCountry "GRE"]
[BlackFideId "4238362"]
[BlackEloChange "-16"]

1. d4 {[%clk 1:30:54]} d5 {[%clk 1:27:31]} 2. c4 {[%clk 1:31:14]} dxc4 {[%clk
1:26:08]} 3. e4 {[%clk 1:31:33]} Nf6 {[%clk 1:22:31]} 4. e5 {[%clk 1:30:51]} Nd5
{[%clk 1:22:35]} 5. Bxc4 {[%clk 1:31:06]} Nb6 {[%clk 1:19:28]} 6. Bb3 {[%clk
1:31:14]} e6 {[%clk 1:01:32]} 7. a4 {[%clk 1:31:04]} Bb4+ {[%clk 0:56:45]} 8. Nc3
{[%clk 1:30:47]} O-O {[%clk 0:46:27]} 9. a5 {[%clk 1:30:15]} Nd5 {[%clk 0:45:31]}
10. Bd2 {[%clk 1:30:05]} c5 {[%clk 0:44:32]} 11. Nxd5 {[%clk 1:29:29]} Bxd2+
{[%clk 0:44:01]} 12. Qxd2 {[%clk 1:29:36]} exd5 {[%clk 0:44:11]} 13. dxc5 {[%clk
1:28:04]} Re8 {[%clk 0:24:24]} 14. Nf3 {[%clk 1:28:04]} Be6 {[%clk 0:16:22]} 15.
O-O {[%clk 1:26:32]} Qe7 {[%clk 0:14:09]} 16. Ba4 {[%clk 1:24:56]} Rd8 {[%clk
0:14:34]} 17. b4 {[%clk 1:24:37]} Bg4 {[%clk 0:08:14]} 18. Ra3 {[%clk 1:22:19]}
Na6 {[%clk 0:07:15]} 19. Bc2 {[%clk 1:16:06]} g6 {[%clk 0:04:40]} 20. Re1 {[%clk
1:11:19]} Kg7 {[%clk 0:04:02]} 21. Nd4 {[%clk 1:09:09]} Nc7 {[%clk 0:04:05]} 22.
Rg3 {[%clk 1:08:20]} Bd7 {[%clk 0:02:05]} 23. f4 {[%clk 1:08:03]} Kf8 {[%clk
0:00:32]} 24. f5 {[%clk 1:08:03]} Bxf5 {[%clk 0:00:34]} 25. Bxf5 {[%clk 1:08:03]}
gxf5 {[%clk 0:01:00]} 26. Nxf5 {[%clk 1:07:22]} Qe6 {[%clk 0:00:54]} 27. Qg5
{[%clk 1:07:22]} 1-0

[Event "Greek Team Championship"]
[Site "chess24.com"]
[Date "2017.07.04"]
[Round "3"]
[White "Ratsma, Rosa"]
[Black "Markantonaki, Haritomeni"]
[Result "1-0"]
[Board "5"]
[WhiteElo "2137"]
[WhiteCountry "NED"]
[WhiteFideId "1033662"]
[WhiteEloChange "12"]
[BlackElo "2222"]
[BlackTitle "WFM"]
[BlackCountry "GRE"]
[BlackFideId "4207050"]
[BlackEloChange "-12"]

1. e4 {[%clk 1:30:56]} c5 {[%clk 1:30:53]} 2. Nf3 {[%clk 1:30:52]} e6 {[%clk
1:31:11]} 3. d4 {[%clk 1:30:51]} cxd4 {[%clk 1:31:32]} 4. Nxd4 {[%clk 1:31:15]}
Nc6 {[%clk 1:31:54]} 5. Nc3 {[%clk 1:31:30]} Qc7 {[%clk 1:32:15]} 6. f4 {[%clk
1:31:23]} a6 {[%clk 1:32:11]} 7. Nxc6 {[%clk 1:31:31]} Qxc6 {[%clk 1:32:26]} 8.
Bd3 {[%clk 1:31:51]} b5 {[%clk 1:32:32]} 9. Qe2 {[%clk 1:32:10]} Bb7 {[%clk
1:32:49]} 10. Bd2 {[%clk 1:32:28]} Rc8 {[%clk 1:32:29]} 11. a3 {[%clk 1:29:51]}
Bc5 {[%clk 1:30:28]} 12. O-O-O {[%clk 1:29:13]} Ne7 {[%clk 1:28:24]} 13. Rhf1
{[%clk 1:28:07]} b4 {[%clk 1:24:57]} 14. axb4 {[%clk 1:28:14]} Bxb4 {[%clk
1:25:23]} 15. f5 {[%clk 1:21:54]} e5 {[%clk 1:18:18]} 16. Qg4 {[%clk 1:15:34]}
Kf8 {[%clk 1:16:06]} 17. f6 {[%clk 0:58:58]} gxf6 {[%clk 1:14:46]} 18. Qh4 {[%clk
0:57:48]} Bxc3 {[%clk 0:48:02]} 19. Bxc3 {[%clk 0:57:17]} Ng6 {[%clk 0:48:14]}
20. Qh6+ {[%clk 0:52:49]} Ke7 {[%clk 0:44:54]} 21. Bb4+ {[%clk 0:40:53]} d6
{[%clk 0:39:24]} 22. g3 {[%clk 0:37:04]} a5 {[%clk 0:29:26]} 23. Ba3 {[%clk
0:37:08]} Qd7 {[%clk 0:15:10]} 24. h4 {[%clk 0:25:52]} Qe6 {[%clk 0:15:25]} 25.
h5 {[%clk 0:25:22]} Nf8 {[%clk 0:15:51]} 26. Bb5 {[%clk 0:21:25]} Rc5 {[%clk
0:02:14]} 27. Bxc5 {[%clk 0:18:35]} dxc5 {[%clk 0:02:41]} 28. Bc4 {[%clk
0:17:03]} 1-0